|
|
|
|
| LEADER |
00000nam a2200000na 4500 |
| 001 |
vtls011777371 |
| 003 |
SK-MaSNL |
| 005 |
20260301223340.0 |
| 008 |
220105s1582 xr a 0 an0 cze |
| 015 |
|
|
|a SNBHFA
|
| 035 |
|
|
|a urn:nbn:sk:snk-am00g6m2
|
| 035 |
|
|
|a urn:nbn:sk:snk-am3iw0j
|
| 035 |
|
|
|a A4BB7FFD-76DE-43CB-90BE-5085F7CD0404
|
| 040 |
|
|
|a SNKHF
|b slo
|c SNK
|e AACR2
|
| 041 |
1 |
|
|a cze
|
| 044 |
|
|
|a xr
|c CZ
|
| 072 |
|
7 |
|a 27-46/-48
|x Pastorálna teológia
|2 konspekt
|
| 080 |
|
|
|a 27-475.5
|2 2011
|
| 100 |
1 |
|
|a Pollio, Lucas,
|d 1536-1583
|4 aut
|4 aui
|9 557957
|
| 245 |
1 |
1 |
|a [Polia Lukáše sedm kázaní o žiwotu wěčném]
|
| 260 |
|
|
|a [Praha]
|b [bez tlačiara]
|c (1582)
|
| 300 |
|
|
|a [172] listov
|c 14 cm
|
| 500 |
|
|
|a Defektný exemplár, chýba titulný list a začiatok textu. Názov ručne dopísaný
|
| 500 |
|
|
|a Vlysy, vinety, kustody
|
| 501 |
|
|
|a Príväzok 1.: FIRLINK, František. Pohřebnj Kázanj... - [Bez miesta] : [bez tlačiara], Létha M. D. LXXXIII. [=1583].
|5 SNK IE 27/1-2/prív. 1
|
| 508 |
|
|
|a Predslov autora
|
| 550 |
|
|
|a Rok vydania podľa datovania predslovu
|
| 650 |
0 |
7 |
|a pastorálna teológia
|2 SNKPH
|9 1811
|
| 650 |
0 |
7 |
|a kázne
|2 SNKPH
|9 1954
|
| 710 |
2 |
|
|a Bez tlačiara (Praha, Česko)
|4 prt
|9 614144
|
| 752 |
|
|
|a Česko
|d Praha
|
| 852 |
|
|
|a snk
|b Historické fondy
|p IE 27/1-2
|
| 958 |
|
|
|a ONDV
|
| 999 |
|
|
|c 943213
|d 945143
|
| 952 |
|
|
|t Tlače 16. stor.
|a SNK
|b SNK
|c SNK_HF
|y PREZ
|7 0
|p 17A1301478
|o snkIE 27/1-2
|i snk445/34
|0 0
|1 0
|4 0
|d 2018-09-06
|f 1
|l 0
|r 2026-02-24 09:25:07
|w 2026-02-24
|